<?xml version="1.0" encoding="UTF-8"?><?xml-stylesheet type="text/xsl" href="static/style.xsl"?><OAI-PMH xmlns="http://www.openarchives.org/OAI/2.0/" xmlns:xsi="http://www.w3.org/2001/XMLSchema-instance" xsi:schemaLocation="http://www.openarchives.org/OAI/2.0/ http://www.openarchives.org/OAI/2.0/OAI-PMH.xsd"><responseDate>2026-04-13T05:46:06Z</responseDate><request verb="GetRecord" identifier="oai:www.recercat.cat:2117/114589" metadataPrefix="marc">https://recercat.cat/oai/request</request><GetRecord><record><header><identifier>oai:recercat.cat:2117/114589</identifier><datestamp>2025-07-23T03:18:50Z</datestamp><setSpec>com_2072_1033</setSpec><setSpec>col_2072_452951</setSpec></header><metadata><record xmlns="http://www.loc.gov/MARC21/slim" xmlns:dcterms="http://purl.org/dc/terms/" xmlns:xsi="http://www.w3.org/2001/XMLSchema-instance" xmlns:doc="http://www.lyncode.com/xoai" xsi:schemaLocation="http://www.loc.gov/MARC21/slim http://www.loc.gov/standards/marcxml/schema/MARC21slim.xsd">
   <leader>00925njm 22002777a 4500</leader>
   <datafield ind2=" " ind1=" " tag="042">
      <subfield code="a">dc</subfield>
   </datafield>
   <datafield ind2=" " ind1=" " tag="720">
      <subfield code="a">Leal Parreño, Montserrat</subfield>
      <subfield code="e">author</subfield>
   </datafield>
   <datafield ind2=" " ind1=" " tag="720">
      <subfield code="a">Ruiz Cala, Cristina</subfield>
      <subfield code="e">author</subfield>
   </datafield>
   <datafield ind2=" " ind1=" " tag="260">
      <subfield code="c">1999-11</subfield>
   </datafield>
   <datafield ind2=" " ind1=" " tag="520">
      <subfield code="a">El objeto de este proyecto es la masía El Pinós de Pruit, ubicada en el corazón de la subcomarca del Collsacabra.&#xd;
Nos hemos desplazado tan lejos de Barcelona para realizar este proyecto, movidas por la singularidad del lugar, único en Catalunya por sus paisajes, su fauna, su historia y su estructura económico-social, basada en las “pairalies”.&#xd;
En los capítulos sucesivos trataremos de explicar en la medida de lo posible lo que fue históricamente el Collsacabra, paradigma en su tiempo del sistema “pairal” catalán, tipo de organización familiar que perduró en Catalunya durante siglos y que ha permitido que hoy en día podamos deleitarnos ante las grandezas arquitectónicas que representaron las masías (o masos). &#xd;
Asimismo, la protagonista de este estudio será la masía El Pinós, ya que como casa “pairal” y de campesinos que fue en su época, nos podrá servir de ejemplo –aunque no será el único- de lo que fue el mundo rural catalán, artífice de que Catalunya sea lo que es en la actualidad.</subfield>
   </datafield>
   <datafield tag="653" ind2=" " ind1=" ">
      <subfield code="a">Àrees temàtiques de la UPC::Edificació::Rehabilitació d'edificis</subfield>
   </datafield>
   <datafield tag="653" ind2=" " ind1=" ">
      <subfield code="a">Àrees temàtiques de la UPC::Edificació::Patologies constructives</subfield>
   </datafield>
   <datafield tag="653" ind2=" " ind1=" ">
      <subfield code="a">Buildings -- Repair and reconstruction</subfield>
   </datafield>
   <datafield tag="653" ind2=" " ind1=" ">
      <subfield code="a">Farmhouses</subfield>
   </datafield>
   <datafield tag="653" ind2=" " ind1=" ">
      <subfield code="a">Masos, masies, etc. -- Remodelació -- Catalunya</subfield>
   </datafield>
   <datafield tag="653" ind2=" " ind1=" ">
      <subfield code="a">Masos, masies, etc. -- Conservació i restauració -- Catalunya</subfield>
   </datafield>
   <datafield tag="653" ind2=" " ind1=" ">
      <subfield code="a">Masia El Pinós (Pruit, Catalunya)</subfield>
   </datafield>
   <datafield tag="653" ind2=" " ind1=" ">
      <subfield code="a">Arquitectura vernacular -- Catalunya -- Pruit</subfield>
   </datafield>
   <datafield ind2="0" ind1="0" tag="245">
      <subfield code="a">Levantamiento de planos. Estudio patológico. Masia El Pinós de Pruit</subfield>
   </datafield>
</record></metadata></record></GetRecord></OAI-PMH>